| LEADER |
01208nam0a2200193 450 |
| 001 |
16847209 |
| 010 |
|
|
|a 978-2-09-504753-5
|b br.
|d 15,95
|
| 100 |
|
|
|a 20251003d2026 u u0frey01 ba
|
| 101 |
0 |
|
|a fre
|
| 102 |
|
|
|a FR
|
| 200 |
0 |
|
|a forêt qui dévore (La)
|f Florence Hinckel
|
| 207 |
|
1 |
|a
|
| 210 |
|
|
|a Paris
|b 9 rue Mechain.
|c Nathan
|d DL 2025
|
| 215 |
|
|
|a 1 vol. (312 p.)
|d 23 cm
|
| 330 |
|
|
|a Un thriller fantastique où s'entremêlent secrets et surnaturel dans une forêt aux forces ancestrales. De nos jours, les loups-garous cohabitent avec les humains, et ceux qui comme Charline osent pénétrer dans la forêt prennent le risque d'être dévorés par une force surnaturelle : l'Esprit de la forêt. Charline a survécu mais elle est dans le coma. Qui l'a attaquée ? Ou quoi ?... C'est ce que vont essayer de découvrir deux ados et une fille-louve, sans se douter que la forêt dissimule un secret qui changera leur vie à jamais. Un thriller fantastique dans un monde dominé par les loups-garous.
|
| 700 |
|
0 |
|a Hinckel
|b Florence
|f 1973-....
|4 70
|
| 900 |
|
|
|a Roman enfant
|
| 901 |
|
|
|a Accessible au prêt
|
| 995 |
|
|
|a Bibliothèque
|c Bibliothèque
|f 024025791
|h 024025791
|k E C4 HIN
|o p
|q j
|r az
|e Bibliothèque
|